000 00372nam a2200157Ia 4500
008 151213s9999 xx 000 0 und d
100 _aS.I. Choudhury
245 _aModern Prose
_cS.I. Choudhury
250 _a1st
260 _aDhaka
_bGreen Book House
_c1975
300 _a4357 p.
650 _aEnglish
650 _aStories
700 _aS.I. Choudhury
999 _c2771
_d2771